000 00456nam a22001577a 4500
005 20251108171817.0
008 250721s1989 xx 000 0 ara d
082 1 4 _aط/926.2/الك
100 1 _aجغام، حسن أحمد
245 1 0 _aألكسندر غراهام بيل :
_bمخترع الهاتف /
264 1 _aتونس :
_bدار المعارف،
_c1989.
300 _a24ص
650 1 7 _aالاخترعات
942 _2ddc
_cBK
999 _c63176
_d63176